00941nam a2200265Ia 450000500170000000800410001702000150005808200170007310000230009024500620011325000390017530000430021449000260025750400270028360000630031065000240037365000400039765000330043765000320047026400500050233600270055233700330057933800280061204000350064020220317000631.0160601s2003 mx a g 000 0 spa  a968166846404a925.3 bE35p1 aPeña, Luis de la10aAlbert Einstein bNavegante solitario cLuis de la Peña a3a. edición b2a. reimpresión  a119 páginas bilustraciones c21 cm  aLa ciencia para todos aIncluye bibliografía14aEinstein, Albertd1879-1955xcrítica e interpretación 142LEMBaBiografías 142LEMBaCientíficos vBiografías 142LEMBaRelatividad (Física)142LEMB aFísica xHistoria  aMéxico bFondo de Cultura Económicac2003 atextobtxt2rdacontent asin mediaciónbn2rdamedia avolumenbnc2rdacarrier aCO-BoRNBPbspaerdacCO-BoRNBP